The main centers of the Revolt of 1857 - Statistics

General Stats
  • This quiz has been taken 5 times
  • The average score is 3 of 7
Answer Stats
Hint Answer % Correct
The capital of India Delhi
100%
Tantia tope & Nana Sahib Defended this city Kanpur
50%
It is the capital of Uttar Pradesh Lucknow
50%
From where the great revolt started Meerut
50%
Mangal Pandey Revolted from here Barrackpore
0%
Rani Lakshmi Bai died in this city Gwalior
0%
Where the fearless queen Rani Lakshmi Bai fought Jhansi
0%
No matching quizzes found
Score Distribution
Percent of People with Each Score
Percentile by Number Answered
Your Score History
You have not taken this quiz